[Event "MSU Interuniversity Cup"]
[Site "Moscow"]
[Date "2023.05.16"]
[Round "3.2"]
[White "Ilkhomi, Jaloliddin"]
[Black "Eminjonov, Muzaffarjon"]
[Result "1-0"]
[WhiteElo "1997"]
[BlackElo "2018"]
[PlyCount "67"]
[EventDate "2023.05.15"]
[EventType "team (rapid)"]
[EventRounds "9"]
[EventCountry "RUS"]
[SourceTitle "CBM 214 Extra"]
[Source "ChessBase"]
[SourceDate "2023.07.31"]
[SourceVersion "1"]
[SourceVersionDate "2023.07.31"]
[SourceQuality "1"]
[WhiteTeam "Tajikistan"]
[BlackTeam "Uzbekistan"]
[WhiteTeamCountry "TJK"]
[BlackTeamCountry "UZB"]

1. Nf3 Nf6 2. c4 c5 3. g3 b6 4. Bg2 Bb7 5. 0-0 g6 6. Nc3 Bg7 7. d4 cxd4 8. Qxd4 0-0 9. Qh4 d6 10. Bh6 Nbd7 11. Bxg7 Kxg7 12. Rad1 Rc8 13. b3 a6 14. Qd4 b5 15. cxb5 Qa5 16. b4 Qc7 17. Rc1 axb5 18. Qe3 Qc6 19. Nh4 Qa6 20. Bxb7 Qxb7 21. Qxe7 Rc6 22. Qe3 Ne5 23. Qg5 Qd7 24. Qe3 Rc4 25. f3 Qh3 26. Kh1 Rfc8 27. Ne4 Nfg4 28. fxg4 Nxg4 29. Rxf7+ Kxf7 30. Ng5+ Kf8 31. Qf3+ Kg7 32. Qf7+ Kh6 33. Qxh7+ Kxg5 34. Qxg6# 1-0

[Event "MSU Interuniversity Cup"]
[Site "Moscow"]
[Date "2023.05.16"]
[Round "5.3"]
[White "Zeliantsova, Kseniya"]
[Black "Eminjonov, Muzaffarjon"]
[Result "1/2-1/2"]
[WhiteElo "1993"]
[BlackElo "2018"]
[PlyCount "157"]
[EventDate "2023.05.15"]
[EventType "team (rapid)"]
[EventRounds "9"]
[EventCountry "RUS"]
[SourceTitle "CBM 214 Extra"]
[Source "ChessBase"]
[SourceDate "2023.07.31"]
[SourceVersion "1"]
[SourceVersionDate "2023.07.31"]
[SourceQuality "1"]
[WhiteTeam "Belarus"]
[BlackTeam "Uzbekistan"]
[WhiteTeamCountry "BLR"]
[BlackTeamCountry "UZB"]

1. e4 c5 2. Nf3 Nc6 3. Bb5 g6 4. c3 Nf6 5. Qe2 a6 6. Ba4 Bg7 7. 0-0 0-0 8. d4 cxd4 9. cxd4 d5 10. e5 Ne4 11. h3 f5 12. exf6 Bxf6 13. Nc3 Nxc3 14. bxc3 Qa5 15. Bb3 Qxc3 16. Bxd5+ Kh8 17. Bb2 Qa5 18. Bb3 Qb5 19. Bc4 Qb6 20. Rab1 Bf5 21. Rbd1 Rad8 22. Rd2 Na5 23. Ne5 Nxc4 24. Nxc4 Qb5 25. Re1 Rc8 26. Ne3 Qxe2 27. Rexe2 Rfd8 28. d5 Bxb2 29. Rxb2 Bd3 30. Red2 Bb5 31. Rb4 Rd7 32. a4 Rc1+ 33. Kh2 Bf1 34. Rb6 a5 35. Nxf1 Rxf1 36. Rb5 Ra1 37. Rxa5 Kg7 38. Ra7 Kf6 39. Rb2 Rxd5 40. Rbxb7 Re5 41. Rb6+ Kf7 42. Rb8 Ra2 43. Raa8 Kg7 44. Rg8+ Kf6 45. Rgf8+ Kg7 46. Rf3 g5 47. Ra7 h5 48. Re3 Rxe3 49. fxe3 Kf6 50. Kg3 Ra3 51. Kf3 Ke6 52. Ke4 Ra2 53. Ra6+ Kf7 54. g4 hxg4 55. hxg4 e6 56. Ke5 Rg2 57. Rxe6 Rxg4 58. Ra6 Rg1 59. Kf5 Ke7 60. a5 g4 61. Rg6 g3 62. Kf4 g2 63. Kf3 Ra1 64. Rxg2 Rxa5 65. Rg6 Ra4 66. e4 Ra1 67. Kf4 Ra5 68. Rb6 Kf7 69. Rb7+ Ke6 70. Rb6+ Kf7 71. e5 Ra1 72. Rb7+ Ke6 73. Rb6+ Ke7 74. Kf5 Rf1+ 75. Ke4 Re1+ 76. Kd5 Rd1+ 77. Ke4 Re1+ 78. Kd5 Rd1+ 79. Ke4 1/2-1/2

[Event "MSU Interuniversity Cup"]
[Site "Moscow"]
[Date "2023.05.15"]
[Round "2.5"]
[White "Eminjonov, Muzaffarjon"]
[Black "Ilyasli, Ughur"]
[Result "1-0"]
[WhiteElo "2018"]
[BlackElo "2227"]
[PlyCount "167"]
[EventDate "2023.05.15"]
[EventType "team (rapid)"]
[EventRounds "9"]
[EventCountry "RUS"]
[SourceTitle "CBM 214 Extra"]
[Source "ChessBase"]
[SourceDate "2023.07.31"]
[SourceVersion "1"]
[SourceVersionDate "2023.07.31"]
[SourceQuality "1"]
[WhiteTeam "Uzbekistan"]
[BlackTeam "Azerbaijan"]
[WhiteTeamCountry "UZB"]
[BlackTeamCountry "AZE"]

1. d4 Nf6 2. c4 e6 3. g3 c5 4. Nf3 cxd4 5. Nxd4 Bb4+ 6. Bd2 Be7 7. Nc3 d5 8. cxd5 Nxd5 9. Bg2 Nb6 10. Bf4 N8d7 11. Ndb5 e5 12. Nd6+ Bxd6 13. Qxd6 exf4 14. Nb5 Qe7 15. Nc7+ Kf8 16. Qxe7+ Kxe7 17. Nxa8 Nxa8 18. gxf4 Nc7 19. Rc1 Ne6 20. e3 a5 21. 0-0 Nec5 22. Rfd1 b6 23. a3 a4 24. Bc6 Nb8 25. Bd5 Rd8 26. Bc4 Rxd1+ 27. Rxd1 Bg4 28. Rd2 Bf3 29. Bb5 Bc6 30. Bc4 Nbd7 31. Be2 Nf6 32. f3 Nd5 33. Kf2 f5 34. Bc4 Nf6 35. Ke2 g6 36. Rd4 b5 37. Ba2 Ne8 38. Rd1 Nd6 39. Bg8 h6 40. Rg1 Be8 41. Rc1 Ne6 42. Rc3 Nc4 43. b3 axb3 44. Rxb3 Nc5 45. Rc3 Bf7 46. Bxf7 Kxf7 47. Rc1 Ne6 48. a4 Ke7 49. axb5 Nb6 50. Rc6 Na4 51. b6 Nac5 52. Rc8 g5 53. Rh8 gxf4 54. b7 Nxb7 55. Rh7+ Kf6 56. Rxb7 fxe3 57. Kxe3 f4+ 58. Kf2 Nd4 59. Rb6+ Kg5 60. Ra6 h5 61. Kg2 Nf5 62. Ra5 Kh4 63. Ra4 Ne3+ 64. Kf2 Kg5 65. h4+ Kg6 66. Rxf4 Nf5 67. Ke2 Kf6 68. Kd3 Ke5 69. Re4+ Kd5 70. Ra4 Ke5 71. Re4+ Kd5 72. f4 Kd6 73. Re5 Ng7 74. Ke4 Ne6 75. Rxh5 Ke7 76. Ke5 Nf8 77. f5 Kf7 78. Kd6 Kf6 79. Rh8 Kg7 80. Rxf8 Kxf8 81. Ke6 Kg7 82. Ke7 Kh6 83. f6 Kg6 84. f7 1-0

[Event "World School-ch U15"]
[Site "Sochi"]
[Date "2016.12.11"]
[Round "9"]
[White "Ahadzade, Kanan"]
[Black "Eminjonov, Muzaffarjon"]
[Result "1-0"]
[WhiteElo "2024"]
[BlackElo "1938"]
[PlyCount "127"]
[EventDate "2016.12.03"]
[EventType "swiss"]
[EventRounds "9"]
[EventCountry "RUS"]
[SourceTitle "EXT 2018"]
[Source "ChessBase"]
[SourceDate "2017.10.13"]
[SourceVersion "1"]
[SourceVersionDate "2017.10.13"]
[SourceQuality "1"]

1. e4 c5 2. Nc3 Nc6 3. d3 g6 4. Be3 d6 5. d4 cxd4 6. Bxd4 Nxd4 7. Qxd4 Nf6 8. e5 dxe5 9. Qxe5 Qd6 10. f4 Bd7 11. Nb5 Qxe5+ 12. fxe5 Bxb5 13. Bxb5+ Nd7 14. Bxd7+ Kxd7 15. Rd1+ Ke6 16. Nf3 Bh6 17. 0-0 Rhd8 18. Rde1 Rac8 19. c3 Kd7 20. e6+ fxe6 21. Ne5+ Ke8 22. Nf7 Bd2 23. Rxe6 Rd3 24. Ne5 Rd6 25. Rxd6 exd6 26. Nd3 Rc7 27. Rd1 Be3+ 28. Kf1 Rf7+ 29. Ke2 Bb6 30. Kd2 Kd7 31. a4 Rf5 32. Kc2 g5 33. g4 Rf6 34. Kb3 Rh6 35. Ne5+ Kc7 36. Nf3 Be3 37. Re1 Bf4 38. Re7+ Kc6 39. Nd4+ Kb6 40. a5+ Kxa5 41. Rxb7 Ka6 42. Rb4 d5 43. h3 Rxh3 44. Ka4 Rh6 45. Nb3 Be3 46. Rb8 Rd6 47. Nc5+ Bxc5 48. b4 Rb6 49. b5+ Rxb5 50. Rxb5 Be3 51. Rxd5 Kb6 52. Kb4 Kc6 53. c4 h6 54. Kc3 Bc1 55. Ra5 Kb6 56. Rf5 Bf4 57. Kd4 a5 58. Rf6+ Kb7 59. Kc5 Bd2 60. Kb5 Kc7 61. c5 Kd7 62. c6+ Kc7 63. Rf7+ Kc8 64. Kb6 1-0

[Event "World School-ch U15"]
[Site "Sochi"]
[Date "2016.12.10"]
[Round "8"]
[White "Eminjonov, Muzaffarjon"]
[Black "Ibrahimli, Murad Sultanali"]
[Result "0-1"]
[WhiteElo "1938"]
[BlackElo "2222"]
[PlyCount "66"]
[EventDate "2016.12.03"]
[EventType "swiss"]
[EventRounds "9"]
[EventCountry "RUS"]
[SourceTitle "EXT 2018"]
[Source "ChessBase"]
[SourceDate "2017.10.13"]
[SourceVersion "1"]
[SourceVersionDate "2017.10.13"]
[SourceQuality "1"]

1. e4 e5 2. Nf3 Nc6 3. Bb5 a6 4. Bxc6 dxc6 5. 0-0 f6 6. h3 c5 7. d3 Ne7 8. Be3 Nc6 9. Nbd2 Be6 10. Nb3 b6 11. Qe2 a5 12. Rad1 a4 13. Nc1 Bd6 14. c3 0-0 15. Nh4 Qd7 16. Qf3 g6 17. Ne2 Bxa2 18. g4 Bb3 19. Rd2 a3 20. bxa3 Rxa3 21. Kh1 Qe7 22. Bh6 Rf7 23. Rg1 Kh8 24. Qg2 Qe8 25. Rb2 Bf8 26. Bc1 Qa8 27. c4 Nd4 28. Nxd4 cxd4 29. Rb1 Bc2 30. Bxa3 Qxa3 31. Rbc1 Bxd3 32. Qf3 Bxe4 33. Qxe4 Qxh3# 0-1

[Event "World School-ch U15"]
[Site "Sochi"]
[Date "2016.12.08"]
[Round "6"]
[White "Tebenkov, Vladislav"]
[Black "Eminjonov, Muzaffarjon"]
[Result "0-1"]
[WhiteElo "2079"]
[BlackElo "1938"]
[PlyCount "102"]
[EventDate "2016.12.03"]
[EventType "swiss"]
[EventRounds "9"]
[EventCountry "RUS"]
[SourceTitle "EXT 2018"]
[Source "ChessBase"]
[SourceDate "2017.10.13"]
[SourceVersion "1"]
[SourceVersionDate "2017.10.13"]
[SourceQuality "1"]

1. e4 c5 2. Nf3 Nc6 3. Bb5 g6 4. Nc3 Bg7 5. Bxc6 dxc6 6. d3 Nf6 7. h3 Nd7 8. Be3 e5 9. Qd2 h6 10. Nh2 Qe7 11. 0-0-0 Nf8 12. f4 f6 13. f5 Bd7 14. g4 b6 15. Na4 0-0-0 16. Qc3 Be8 17. Nf3 Bf7 18. Qa3 Nd7 19. fxg6 Bxg6 20. Nh4 Bh7 21. Nf5 Bxf5 22. gxf5 Rdg8 23. Nc3 Kb7 24. Ne2 h5 25. Rdg1 Qf8 26. Rg6 Bh6 27. Bxh6 Rxh6 28. Rxg8 Qxg8 29. Rg1 Qf7 30. Qb3 Rh7 31. Qxf7 Rxf7 32. Rg8 Rh7 33. Ng1 c4 34. b4 cxd3 35. c4 a5 36. a3 b5 37. cxb5 cxb5 38. Kd2 axb4 39. axb4 Nb6 40. Rg3 Nc4+ 41. Kxd3 Rd7+ 42. Kc3 Rd4 43. Rg7+ Kc8 44. Rg6 Nd6 45. Rh6 Nxe4+ 46. Kb3 Rd1 47. Rg6 Rf1 48. Ne2 Rf2 49. Nc1 Rxf5 50. Nd3 Rf3 51. Kc2 Rxh3 0-1

[Event "World School-ch U15"]
[Site "Sochi"]
[Date "2016.12.06"]
[Round "4"]
[White "Moiseev, Danila"]
[Black "Eminjonov, Muzaffarjon"]
[Result "1/2-1/2"]
[WhiteElo "2130"]
[BlackElo "1938"]
[PlyCount "81"]
[EventDate "2016.12.03"]
[EventType "swiss"]
[EventRounds "9"]
[EventCountry "RUS"]
[SourceTitle "EXT 2018"]
[Source "ChessBase"]
[SourceDate "2017.10.13"]
[SourceVersion "1"]
[SourceVersionDate "2017.10.13"]
[SourceQuality "1"]

1. e4 c5 2. Nf3 Nc6 3. d4 cxd4 4. Nxd4 g6 5. c4 Bg7 6. Be3 Nf6 7. Nc3 Nxd4 8. Bxd4 d6 9. Be2 0-0 10. 0-0 Qa5 11. f3 Be6 12. Qd2 Rfc8 13. b3 a6 14. Qe3 Nd7 15. Bxg7 Kxg7 16. f4 Nf6 17. Na4 Rab8 18. f5 Bd7 19. Nb6 Rc6 20. Nd5 Nxd5 21. exd5 Qc5 22. Qxc5 Rxc5 23. fxg6 hxg6 24. a4 Rc7 25. b4 b6 26. Rfb1 Rcb7 27. Kf2 Bf5 28. Rb3 Ra7 29. g4 Bd7 30. h4 Rh8 31. Kg3 a5 32. h5 f5 33. hxg6 fxg4 34. Bxg4 Bxg4 35. Kxg4 Rh6 36. bxa5 bxa5 37. Re1 Rxg6+ 38. Kf5 Rc7 39. Re4 Rf6+ 40. Kg5 Rf1 41. Rb5 1/2-1/2